World City Rhymes - Statistics

General Stats
  • This quiz has been taken 167 times
  • The average score is 11 of 20
Answer Stats
Rhyme Location World City % Correct
Home Europe Rome
94%
Ferris Europe Paris
93%
Kidney Oceania Sydney
81%
Birth Oceania Perth
77%
Seeds Europe Leeds
76%
Pronto North America Toronto
70%
Tennis Europe Venice
67%
Smelly South Asia Delhi
65%
Goodbye Middle East Dubai
60%
Palace United States Dallas
56%
Falkland Oceania Auckland
53%
Santa United States Atlanta
52%
Farrago United States Chicago
46%
Bourbon Southern Africa Durban
46%
Lunes North Africa Tunis
41%
Uganda Southern Africa Luanda
35%
Crangon South Asia Yangon
35%
Bantu East China Shantou
10%
Cabernet North America Monterrey
4%
Tuna South Asia Poona
3%
No matching quizzes found
Score Distribution
Percent of People with Each Score
Percentile by Number Answered
Your Score History
You have not taken this quiz